Most Populous Irish Towns and Cities Quiz Stats

Quiz not verified by Sporcle

Challenge
Share
Tweet
Embed
Score 0/20 Timer 03:00
0 Plays Today
% Correct
Dublin
82.3%
Cork
81.8%
Galway
81.1%
Limerick
79.7%
Waterford
72.2%
Kilkenny
65.8%
Drogheda
64.9%
Dundalk
64.6%
Wexford
59.2%
Athlone
55.2%
% Correct
Tralee
52.4%
Ennis
48.6%
Bray
44.6%
Swords
43.6%
Portlaoise
42.5%
Mullingar
41.3%
Navan
38.4%
Carlow
36.6%
Naas
34%
Newbridge
33.7%

You're not logged in!

Compare scores with friends on all Sporcle quizzes.
Sign Up with Email
OR
Log In

You Might Also Like...

Show Comments

Extras

Top Quizzes Today


Score Distribution

Your Account Isn't Verified!

In order to create a playlist on Sporcle, you need to verify the email address you used during registration. Go to your Sporcle Settings to finish the process.